Quiz - Tous les joueurs du PSG - 2025-2026 - Statistiques

Statistiques générales
  • Ce quiz a été pris 196 fois
  • Le résultat moyen est 18 sur 24
Statistiques - réponses
Nationalités Poste Joueurs % Correct
France Gardien Lucas Chevalier
94%
France Attaquant Ousmane Dembélé
89%
Equateur Défenseur Willian Pacho
87%
Maroc Défenseur Achraf Hakimi
85%
France Attaquant Désiré Doué
85%
Portugal Milieu João Neves
84%
Russie Gardien Matvey Safonov
84%
Portugal Défenseur Nuno Mendes
84%
Portugal Milieu Vitinha
83%
France Attaquant Bradley Barcola
82%
Corée du Sud Milieu Kang-in Lee
81%
Brésil Défenseur Marquinhos
81%
Espagne Milieu Fabián Ruiz
80%
Portugal Attaquant Gonçalo Ramos
77%
France Défenseur Lucas Hernández
77%
France Milieu Warren Zaïre-Emery
74%
France Milieu Senny Mayulu
70%
Sénégal Attaquant Ibrahim Mbaye
65%
Ukraine Défenseur Ilya Zabarnyi
62%
Brésil Défenseur Lucas Beraldo
62%
Géorgie Attaquant Khvicha Kvaratskhelia
61%
Italie Gardien Renato Marin
52%
Espagne Milieu Dro Fernández
47%
France Attaquant Quentin Ndjantou
38%
Aucun quiz correspondant
Distribution des résultats
% des personnes avec chaque résultat
Percentile par nombre de réponses
Votre historique - résultats
Vous n’avez pas pris ce quiz